[Event "Scarborough CC ch reserves"]
[Site "Toronto CAN"]
[Date "2008.02.14"]
[Round "7"]
[White "Song, Michael"]
[Black "Douglas, Steven"]
[Result "1-0"]
[WhiteElo "1331"]
[BlackElo "1597"]
[PlyCount "96"]
[GameId "2160767910557646"]
[EventDate "2008.01.03"]
[EventType "swiss"]
[EventRounds "10"]
[EventCountry "CAN"]
[SourceTitle "EXT 2011"]
[Source "ChessBase"]
[SourceDate "2011.11.26"]
[SourceVersion "1"]
[SourceVersionDate "2011.11.26"]
[SourceQuality "1"]

1. e4 Nf6 2. e5 Nd5 3. c4 Nb6 4. d4 d6 5. Nf3 Nc6 6. exd6 exd6 7. d5 Ne5 8. Nxe5 dxe5 9. a3 Bf5 10. Nc3 g6 11. Bd3 Bxd3 12. Qxd3 Bg7 13. c5 Nd7 14. Be3 O-O 15. O-O Nf6 16. Rad1 Re8 17. Bg5 h6 18. Bxf6 Bxf6 19. Ne4 Bg7 20. d6 f5 21. Qc4+ Kh8 22. dxc7 Qxc7 23. Nd6 Re7 24. Nb5 Qc6 25. Rd6 Qe8 26. Rfd1 a6 27. Na7 Kh7 28. c6 b5 29. Nxb5 axb5 30. Qxb5 Rc7 31. Rd7 Rac8 32. Rxc7 Rxc7 33. Rd7 Rc8 34. Qb7 Qf8 35. Rc7 Rd8 36. Rd7 Re8 37. c7 Rc8 38. Qb6 Qe8 39. Qd6 Ra8 40. Rd8 Qa4 41. Qd5 h5 42. g3 Qc2 43. Qb7 e4 44. Rd7 Rc8 45. Qxc8 e3 46. fxe3 Qc1+ 47. Kf2 Qxb2+ 48. Kf3 Qb5 1-0

[Event "Scarborough CC ch reserves"]
[Site "Toronto CAN"]
[Date "2008.02.14"]
[Round "7"]
[White "Wu, Aaron"]
[Black "Arfin, Sam"]
[Result "1-0"]
[WhiteElo "1724"]
[BlackElo "1659"]
[PlyCount "89"]
[GameId "2160767910557647"]
[EventDate "2008.01.03"]
[EventType "swiss"]
[EventRounds "10"]
[EventCountry "CAN"]
[SourceTitle "EXT 2011"]
[Source "ChessBase"]
[SourceDate "2011.11.26"]
[SourceVersion "1"]
[SourceVersionDate "2011.11.26"]
[SourceQuality "1"]

1. e4 c5 2. Nf3 g6 3. d4 cxd4 4. Nxd4 Nc6 5. Nc3 Bg7 6. Be3 Nf6 7. Bc4 O-O 8. O-O Nxe4 9. Bxf7+ Rxf7 10. Nxe4 Qc7 11. Ng5 Rf8 12. c3 Nxd4 13. Bxd4 Bxd4 14. Qxd4 Rf5 15. Qh4 h5 16. Rae1 e6 17. Ne4 Kg7 18. Ng3 Rf7 19. Qg5 Kh7 20. Re4 b6 21. Rh4 Qc5 22. Ne4 Qe7 23. Qg3 Ba6 24. Re1 Rf5 25. Rf4 Raf8 26. Rxf5 Rxf5 27. Qc7 Bd3 28. Qxa7 Ra5 29. Qxb6 Rxa2 30. Nc5 Bc4 31. h3 Bd5 32. Nd3 Qg5 33. g3 Qd2 34. Qe3 Qxe3 35. fxe3 Be4 36. Nc5 Bc6 37. Re2 Ra1+ 38. Kf2 Rh1 39. e4 Rh2+ 40. Ke3 Rxh3 41. Rg2 h4 42. Kf4 Kg7 43. Kg4 Rxg3+ 44. Rxg3 hxg3 45. Kxg3 1-0

[Event "Scarborough CC ch reserves"]
[Site "Toronto CAN"]
[Date "2008.02.21"]
[Round "8"]
[White "Karpik, Steve"]
[Black "Mesiti, Silvano"]
[Result "0-1"]
[WhiteElo "1585"]
[BlackElo "1770"]
[PlyCount "60"]
[GameId "2160767910557648"]
[EventDate "2008.01.03"]
[EventType "swiss"]
[EventRounds "10"]
[EventCountry "CAN"]
[SourceTitle "EXT 2011"]
[Source "ChessBase"]
[SourceDate "2011.11.26"]
[SourceVersion "1"]
[SourceVersionDate "2011.11.26"]
[SourceQuality "1"]

1. Nf3 Nc6 2. c4 d5 3. b3 e5 4. cxd5 Qxd5 5. Nc3 Qd8 6. g3 Bf5 7. Bg2 Bd6 8. Bb2 Nf6 9. d3 O-O 10. O-O a6 11. Qc1 Qd7 12. Na4 Bh3 13. Re1 Bxg2 14. Kxg2 Qe7 15. Nh4 Qe6 16. Ba3 Nd7 17. Bxd6 cxd6 18. Qc4 Qf6 19. Nc3 Rac8 20. Ne4 Qd8 21. Nxd6 Rc7 22. Ne4 Nd4 23. Qd5 Nc2 24. Rec1 Nxa1 25. Rxc7 Qxc7 26. Nd6 Qc6 27. Qxc6 bxc6 28. Nhf5 Nc2 29. Ne7+ Kh8 30. Nxc6 Nd4 0-1

[Event "Scarborough CC ch reserves"]
[Site "Toronto CAN"]
[Date "2008.02.21"]
[Round "8"]
[White "Muir, Tom"]
[Black "Seedhouse, Jeff"]
[Result "1-0"]
[WhiteElo "1687"]
[BlackElo "1562"]
[PlyCount "110"]
[GameId "2160767910557649"]
[EventDate "2008.01.03"]
[EventType "swiss"]
[EventRounds "10"]
[EventCountry "CAN"]
[SourceTitle "EXT 2011"]
[Source "ChessBase"]
[SourceDate "2011.11.26"]
[SourceVersion "1"]
[SourceVersionDate "2011.11.26"]
[SourceQuality "1"]

1. d4 d5 2. c4 e6 3. Nf3 c5 4. dxc5 Bxc5 5. cxd5 exd5 6. e3 Nf6 7. Bb5+ Bd7 8. Bxd7+ Qxd7 9. O-O O-O 10. Nc3 Nc6 11. Nb5 Rac8 12. b3 a6 13. Nbd4 Nxd4 14. Nxd4 Bxd4 15. Qxd4 Rc2 16. Bb2 Qg4 17. Qxg4 Nxg4 18. Ba3 Rfc8 19. h3 Nf6 20. Rfc1 h5 21. Rxc2 Rxc2 22. f3 g6 23. Be7 Kg7 24. b4 Re2 25. Bc5 Ne8 26. Bd4+ Kf8 27. a4 Rc2 28. Ra3 Ke7 29. Rc3 Rxc3 30. Bxc3 b5 31. a5 Ke6 32. Kf2 Nd6 33. Ke2 Nc4 34. Kd3 f5 35. h4 Ne5+ 36. Bxe5 Kxe5 37. f4+ Kd6 38. Kd4 Kc6 39. Ke5 Kc7 40. Kxd5 Kd7 41. g3 Kc7 42. Ke5 Kc6 43. Ke6 Kc7 44. Kf6 Kd6 45. Kxg6 Kd5 46. Kxf5 Kc4 47. e4 Kxb4 48. e5 Kc3 49. e6 b4 50. e7 b3 51. e8=Q b2 52. Qc6+ Kd2 53. Qb6 Kc2 54. Kg5 b1=Q 55. Qxb1+ Kxb1 1-0

[Event "Scarborough CC ch reserves"]
[Site "Toronto CAN"]
[Date "2008.02.21"]
[Round "8"]
[White "Perez, Michael"]
[Black "Manalo, Pepin"]
[Result "0-1"]
[WhiteElo "1728"]
[BlackElo "1813"]
[PlyCount "75"]
[GameId "2160767910557650"]
[EventDate "2008.01.03"]
[EventType "swiss"]
[EventRounds "10"]
[EventCountry "CAN"]
[SourceTitle "EXT 2011"]
[Source "ChessBase"]
[SourceDate "2011.11.26"]
[SourceVersion "1"]
[SourceVersionDate "2011.11.26"]
[SourceQuality "1"]

1. e4 e6 2. d4 d5 3. Nc3 Nf6 4. Bg5 Be7 5. Bxf6 Bxf6 6. e5 Be7 7. Nce2 c5 8. c3 Nc6 9. f4 Qb6 10. Rb1 cxd4 11. Nxd4 Bd7 12. Ngf3 Nxd4 13. Nxd4 Rc8 14. Be2 Bh4+ 15. g3 Be7 16. Qb3 Qc7 17. O-O a6 18. Rbe1 Bc5 19. Rd1 h5 20. h3 Rh6 21. Kh2 b5 22. a3 Ke7 23. Rd2 Rg8 24. Nf3 Bc6 25. Qd1 g6 26. Nd4 Bb7 27. h4 Rhh8 28. Rd3 Rb8 29. Qd2 Rhg8 30. Nf3 Ke8 31. Ng5 Be7 32. Nf3 a5 33. Rd1 Ba6 34. Re3 Bc5 35. Nd4 Qb6 36. Rf3 b4 37. axb4 axb4 38. Bxa6 0-1

[Event "Scarborough CC ch reserves"]
[Site "Toronto CAN"]
[Date "2008.02.21"]
[Round "8"]
[White "Verde, Pino"]
[Black "Bellomo, Joe"]
[Result "0-1"]
[WhiteElo "1677"]
[BlackElo "1723"]
[PlyCount "58"]
[GameId "2160767910557651"]
[EventDate "2008.01.03"]
[EventType "swiss"]
[EventRounds "10"]
[EventCountry "CAN"]
[SourceTitle "EXT 2011"]
[Source "ChessBase"]
[SourceDate "2011.11.26"]
[SourceVersion "1"]
[SourceVersionDate "2011.11.26"]
[SourceQuality "1"]

1. e4 c5 2. Nf3 d6 3. Bc4 e6 4. O-O Nc6 5. c3 Nf6 6. d3 Be7 7. Bb3 O-O 8. Nbd2 b5 9. Re1 Bb7 10. Nf1 b4 11. Ne3 a5 12. g4 Nd7 13. d4 cxd4 14. cxd4 Nb6 15. a4 Rc8 16. Bd2 d5 17. e5 Nc4 18. Nxc4 dxc4 19. Bxc4 Nxd4 20. Nxd4 Qxd4 21. Be2 Qxb2 22. Bd3 Rfd8 23. Rb1 Qd4 24. Re3 Bg5 25. Rh3 Bxd2 26. Bxh7+ Kf8 27. Rd3 Qf4 28. Rxd8+ Rxd8 29. Rc1 Bf3 0-1

[Event "Scarborough CC ch reserves"]
[Site "Toronto CAN"]
[Date "2008.02.21"]
[Round "8"]
[White "Villalobos, Oscar"]
[Black "Wu, Aaron"]
[Result "1-0"]
[WhiteElo "1934"]
[BlackElo "1724"]
[PlyCount "81"]
[GameId "2160767910557652"]
[EventDate "2008.01.03"]
[EventType "swiss"]
[EventRounds "10"]
[EventCountry "CAN"]
[SourceTitle "EXT 2011"]
[Source "ChessBase"]
[SourceDate "2011.11.26"]
[SourceVersion "1"]
[SourceVersionDate "2011.11.26"]
[SourceQuality "1"]

1. d4 Nf6 2. Nf3 g6 3. Nc3 Bg7 4. e4 d6 5. Bf4 Nbd7 6. Qd2 c5 7. Bh6 Bxh6 8. Qxh6 cxd4 9. Nxd4 Ne5 10. f3 Qb6 11. O-O-O Bd7 12. h4 Rg8 13. g4 Bxg4 14. fxg4 Nexg4 15. Qd2 O-O-O 16. Bh3 h5 17. Rhf1 Kb8 18. Bxg4 hxg4 19. Nd5 Nxd5 20. exd5 f5 21. Qg5 Qa5 22. Kb1 Qxd5 23. Nxf5 gxf5 24. Rxd5 Rxg5 25. hxg5 e6 26. Rd2 Kc7 27. Rh2 Rg8 28. Rh7+ Kc6 29. Rh6 Kd5 30. Rd1+ Ke5 31. Re1+ Kf4 32. Rhxe6 Rxg5 33. Rf1+ Kg3 34. Re3+ Kg2 35. Rd1 Kf2 36. Red3 g3 37. R1d2+ Kg1 38. Kc1 g2 39. Rh3 Kf1 40. Kd1 Kg1 41. Ke2 1-0

[Event "Scarborough CC ch reserves"]
[Site "Toronto CAN"]
[Date "2008.02.21"]
[Round "8"]
[White "Wang, Jerry ZS"]
[Black "Paterson, Jim"]
[Result "1/2-1/2"]
[WhiteElo "1705"]
[BlackElo "1821"]
[PlyCount "94"]
[GameId "2160767910557653"]
[EventDate "2008.01.03"]
[EventType "swiss"]
[EventRounds "10"]
[EventCountry "CAN"]
[SourceTitle "EXT 2011"]
[Source "ChessBase"]
[SourceDate "2011.11.26"]
[SourceVersion "1"]
[SourceVersionDate "2011.11.26"]
[SourceQuality "1"]

1. e4 c5 2. Nf3 Nc6 3. d4 cxd4 4. Nxd4 Nf6 5. Nc3 d6 6. f3 a6 7. Be3 e6 8. g4 Be7 9. Qd2 Bd7 10. g5 Nxd4 11. Qxd4 Nh5 12. Qd2 h6 13. gxh6 Bh4+ 14. Ke2 Bf6 15. Re1 g5 16. Kd1 Bc6 17. Rg1 Rxh6 18. Bxg5 Bxg5 19. Qxg5 Qxg5 20. Rxg5 Nf6 21. Re2 O-O-O 22. Rg7 Rf8 23. Rd2 Ne8 24. Rgg2 f5 25. Bd3 Rh3 26. Rg3 Rxg3 27. hxg3 Rg8 28. exf5 Bxf3+ 29. Ke1 exf5 30. Bxf5+ Kc7 31. Kf2 Bc6 32. Nd5+ Bxd5 33. Rxd5 Rf8 34. g4 Nf6 35. Rd4 Nxg4+ 36. Rxg4 Rxf5+ 37. Ke3 Rb5 38. b3 Ra5 39. a4 Rc5 40. Kd3 a5 41. Rc4 b6 42. Kd4 Kc6 43. Rxc5+ bxc5+ 44. Kc4 d5+ 45. Kd3 Kd6 46. Kc3 Ke5 47. Kd3 Kd6 1/2-1/2

[Event "Scarborough CC ch reserves"]
[Site "Toronto CAN"]
[Date "2008.02.21"]
[Round "8"]
[White "Wu, Kevin"]
[Black "Kurkowski, Ken"]
[Result "1-0"]
[WhiteElo "1787"]
[BlackElo "1644"]
[PlyCount "53"]
[GameId "2160767910557654"]
[EventDate "2008.01.03"]
[EventType "swiss"]
[EventRounds "10"]
[EventCountry "CAN"]
[SourceTitle "EXT 2011"]
[Source "ChessBase"]
[SourceDate "2011.11.26"]
[SourceVersion "1"]
[SourceVersionDate "2011.11.26"]
[SourceQuality "1"]

1. e4 e5 2. Nf3 Nc6 3. Bb5 a6 4. Ba4 Nf6 5. O-O b5 6. Bb3 Bb7 7. d3 Bc5 8. c3 d6 9. h3 O-O 10. Nbd2 Bb6 11. Re1 Na5 12. Bc2 c5 13. Nf1 Nc6 14. Bg5 h6 15. Bxf6 Qxf6 16. Ng3 Ne7 17. Bb3 Bc7 18. Nh5 Qg6 19. Nh4 Qg5 20. Re3 Qxh4 21. Rg3 Ng6 22. Rxg6 c4 23. Rxg7+ Kh8 24. Qf3 Bc8 25. g3 Qxh3 26. Qf6 Qe6 27. Rh7+ 1-0

[Event "Scarborough CC ch reserves"]
[Site "Toronto CAN"]
[Date "2008.02.21"]
[Round "8"]
[White "Xia, Linda"]
[Black "Moran-Venegas, Mario"]
[Result "1-0"]
[WhiteElo "1376"]
[BlackElo "1715"]
[PlyCount "81"]
[GameId "2160767910557655"]
[EventDate "2008.01.03"]
[EventType "swiss"]
[EventRounds "10"]
[EventCountry "CAN"]
[SourceTitle "EXT 2011"]
[Source "ChessBase"]
[SourceDate "2011.11.26"]
[SourceVersion "1"]
[SourceVersionDate "2011.11.26"]
[SourceQuality "1"]

1. d4 Nf6 2. Bg5 Ne4 3. Bf4 g6 4. e3 Bg7 5. Nf3 O-O 6. Bd3 d5 7. O-O c5 8. c3 c4 9. Bxe4 dxe4 10. Nfd2 Qd5 11. Na3 b5 12. b3 Ba6 13. Re1 cxb3 14. axb3 Nd7 15. Nc2 Bb7 16. Nb4 Qh5 17. Qxh5 gxh5 18. Ra5 a6 19. c4 e5 20. Bxe5 Nxe5 21. dxe5 Bxe5 22. Rc1 Bd6 23. Na2 Bc6 24. b4 Bc7 25. Ra3 Be5 26. Nc3 Rfd8 27. Ra2 bxc4 28. Ncxe4 Bb5 29. Nf3 Bg7 30. h3 Bf8 31. Rb2 Be7 32. Nd4 Rdc8 33. Nf5 Bf8 34. Nf6+ Kh8 35. Nxh5 c3 36. Rb3 c2 37. Nf6 Rd8 38. Nd4 Bg7 39. Nxc2 Bxf6 40. Na3 Ba4 41. Rbb1 1-0

[Event "Scarborough CC ch reserves"]
[Site "Toronto CAN"]
[Date "2008.02.21"]
[Round "8"]
[White "Xie, Peter"]
[Black "Prabhudesai, Aniket"]
[Result "1-0"]
[WhiteElo "1377"]
[BlackElo "1082"]
[PlyCount "59"]
[GameId "2160767910557656"]
[EventDate "2008.01.03"]
[EventType "swiss"]
[EventRounds "10"]
[EventCountry "CAN"]
[SourceTitle "EXT 2011"]
[Source "ChessBase"]
[SourceDate "2011.11.26"]
[SourceVersion "1"]
[SourceVersionDate "2011.11.26"]
[SourceQuality "1"]

1. e4 Nf6 2. e5 Ng8 3. d4 e6 4. Bd3 Bb4+ 5. c3 Ba5 6. Nd2 Bb6 7. Ngf3 Ne7 8. Nc4 c5 9. Nxb6 Qxb6 10. Qe2 Nd5 11. O-O Nf4 12. Bxf4 Nc6 13. Be3 d6 14. d5 Ne7 15. dxe6 Bxe6 16. Rfd1 Nc6 17. exd6 Rd8 18. Bf4 O-O 19. Ng5 g6 20. Nxe6 Rfe8 21. Bc4 Na5 22. d7 Re7 23. Bg5 Rxe6 24. Bxe6 fxe6 25. Bxd8 Qxd8 26. Qxe6+ Kg7 27. Qe5+ Kh6 28. Rd3 Nc4 29. Rh3+ Qh4 30. Rxh4# 1-0

[Event "Scarborough CC ch reserves"]
[Site "Toronto CAN"]
[Date "2008.02.28"]
[Round "9"]
[White "Douglas, Steven"]
[Black "Xie, Peter"]
[Result "1-0"]
[WhiteElo "1597"]
[BlackElo "1377"]
[PlyCount "31"]
[GameId "2160767910557657"]
[EventDate "2008.01.03"]
[EventType "swiss"]
[EventRounds "10"]
[EventCountry "CAN"]
[SourceTitle "EXT 2011"]
[Source "ChessBase"]
[SourceDate "2011.11.26"]
[SourceVersion "1"]
[SourceVersionDate "2011.11.26"]
[SourceQuality "1"]

1. e4 e5 2. Nf3 Nc6 3. Bc4 Nf6 4. d4 exd4 5. O-O d6 6. Re1 Ne5 7. Bb3 Be7 8. Qxd4 Nxf3+ 9. gxf3 O-O 10. c3 Re8 11. Kh1 Bf8 12. Rg1 Kh8 13. Bxf7 Re7 14. Bb3 c5 15. Qxf6 Qd7 16. Qxf8# 1-0

[Event "Scarborough CC ch reserves"]
[Site "Toronto CAN"]
[Date "2008.02.28"]
[Round "9"]
[White "Farrant, David"]
[Black "Pishdad, Hassan"]
[Result "1-0"]
[WhiteElo "1476"]
[BlackElo "1174"]
[PlyCount "63"]
[GameId "2160767910557658"]
[EventDate "2008.01.03"]
[EventType "swiss"]
[EventRounds "10"]
[EventCountry "CAN"]
[SourceTitle "EXT 2011"]
[Source "ChessBase"]
[SourceDate "2011.11.26"]
[SourceVersion "1"]
[SourceVersionDate "2011.11.26"]
[SourceQuality "1"]

1. e4 e5 2. Nf3 Nc6 3. d4 exd4 4. Nxd4 Nxd4 5. Qxd4 Ne7 6. Nc3 Nc6 7. Qa4 d6 8. Be3 Bd7 9. O-O-O a6 10. Be2 Ne5 11. Qb3 Bc6 12. f4 Ng6 13. Rhg1 Be7 14. e5 O-O 15. e6 f5 16. g4 fxg4 17. Rxg4 Nxf4 18. Rxf4 Rxf4 19. Bxf4 Kh8 20. Bg4 Bg5 21. Ne2 Bxf4+ 22. Nxf4 Qg5 23. Qg3 Rf8 24. Rf1 h5 25. Bxh5 Qxg3 26. hxg3 Kh7 27. e7 Rh8 28. Bf7 g5 29. Ne6 Rc8 30. Nxg5+ Kh6 31. Ne6 Bd7 32. Rh1# 1-0

[Event "Scarborough CC ch reserves"]
[Site "Toronto CAN"]
[Date "2008.02.28"]
[Round "9"]
[White "Kurkowski, Ken"]
[Black "Muir, Tom"]
[Result "1-0"]
[WhiteElo "1644"]
[BlackElo "1687"]
[PlyCount "73"]
[GameId "2160767910557659"]
[EventDate "2008.01.03"]
[EventType "swiss"]
[EventRounds "10"]
[EventCountry "CAN"]
[SourceTitle "EXT 2011"]
[Source "ChessBase"]
[SourceDate "2011.11.26"]
[SourceVersion "1"]
[SourceVersionDate "2011.11.26"]
[SourceQuality "1"]

1. e4 e6 2. d4 d5 3. Nd2 c5 4. exd5 Qxd5 5. dxc5 Bxc5 6. Ngf3 Nf6 7. Bc4 Qd8 8. O-O Nc6 9. Nb3 Be7 10. Re1 O-O 11. Bf4 b6 12. Qe2 Nh5 13. Be5 Nxe5 14. Nxe5 Nf6 15. Rad1 Qc7 16. Nd4 Bd7 17. Nxd7 Nxd7 18. Nxe6 fxe6 19. Qxe6+ Kh8 20. Rxd7 Qc5 21. Qxe7 Qxf2+ 22. Kh1 Qf6 23. Qxf6 Rxf6 24. Kg1 a6 25. Rde7 b5 26. Re8+ Rf8 27. Rxa8 Rxa8 28. Bf7 g6 29. Re8+ Rxe8 30. Bxe8 Kg7 31. b4 Kf6 32. Bc6 Ke5 33. Bb7 Kd4 34. Bxa6 Kc4 35. Bxb5+ Kxb5 36. c3 Ka4 37. Kf2 1-0

[Event "Scarborough CC ch reserves"]
[Site "Toronto CAN"]
[Date "2008.02.28"]
[Round "9"]
[White "Manalo, Pepin"]
[Black "Villalobos, Oscar"]
[Result "0-1"]
[WhiteElo "1813"]
[BlackElo "1934"]
[PlyCount "98"]
[GameId "2160767910557660"]
[EventDate "2008.01.03"]
[EventType "swiss"]
[EventRounds "10"]
[EventCountry "CAN"]
[SourceTitle "EXT 2011"]
[Source "ChessBase"]
[SourceDate "2011.11.26"]
[SourceVersion "1"]
[SourceVersionDate "2011.11.26"]
[SourceQuality "1"]

1. e4 c5 2. Nf3 d6 3. Nc3 Nf6 4. Bc4 e6 5. d4 cxd4 6. Nxd4 a6 7. a4 Be7 8. Be3 O-O 9. f3 Nbd7 10. Qd2 Qc7 11. Bb3 Ne5 12. Qf2 Nc4 13. Bc1 d5 14. Bxc4 Qxc4 15. e5 Nd7 16. f4 Bb4 17. Bd2 b6 18. b3 Qc5 19. Na2 Bxd2+ 20. Qxd2 b5 21. a5 Bb7 22. O-O Rac8 23. Kh1 Qc7 24. Rae1 Nc5 25. Re3 Ne4 26. Qe1 Qc5 27. Rd3 Qa3 28. Nc1 b4 29. Nce2 Qxa5 30. Qh4 Qd8 31. Qh5 Qd7 32. Rh3 h6 33. g4 f6 34. f5 Ng5 35. fxe6 Nxe6 36. exf6 Ng5 37. Re3 Ne4 38. g5 hxg5 39. Rh3 Rxf6 40. Qh8+ Kf7 41. Qh5+ Ke7 42. Rxf6 Nxf6 43. Re3+ Kf8 44. Qxg5 Rxc2 45. Ne6+ Kg8 46. N2d4 Ne4 47. Qh4 Rc1+ 48. Kg2 Rc3 49. Re1 Qe8 0-1

[Event "Scarborough CC ch reserves"]
[Site "Toronto CAN"]
[Date "2008.02.28"]
[Round "9"]
[White "Paterson, Jim"]
[Black "Xia, Linda"]
[Result "1-0"]
[WhiteElo "1821"]
[BlackElo "1376"]
[PlyCount "47"]
[GameId "2160767910557661"]
[EventDate "2008.01.03"]
[EventType "swiss"]
[EventRounds "10"]
[EventCountry "CAN"]
[SourceTitle "EXT 2011"]
[Source "ChessBase"]
[SourceDate "2011.11.26"]
[SourceVersion "1"]
[SourceVersionDate "2011.11.26"]
[SourceQuality "1"]

1. d4 d5 2. Bf4 Bf5 3. Nf3 e6 4. c3 Nf6 5. Qb3 b6 6. Ne5 c6 7. e3 Bd6 8. Nd2 O-O 9. Be2 Qc7 10. Bg3 c5 11. O-O Nc6 12. f4 c4 13. Qd1 b5 14. Bf3 a5 15. a4 b4 16. Ndxc4 Bxe5 17. Nxe5 Nxe5 18. fxe5 Be4 19. exf6 Bxf3 20. Qxf3 Qb6 21. Qg4 g6 22. Qg5 Rfc8 23. Qh6 Qd8 24. Qg7# 1-0

[Event "Scarborough CC ch reserves"]
[Site "Toronto CAN"]
[Date "2008.02.28"]
[Round "9"]
[White "Prabhudesai, Aniket"]
[Black "Farrant-Diaz, Nathan"]
[Result "0-1"]
[WhiteElo "1082"]
[BlackElo "1451"]
[PlyCount "76"]
[GameId "2160767910557662"]
[EventDate "2008.01.03"]
[EventType "swiss"]
[EventRounds "10"]
[EventCountry "CAN"]
[SourceTitle "EXT 2011"]
[Source "ChessBase"]
[SourceDate "2011.11.26"]
[SourceVersion "1"]
[SourceVersionDate "2011.11.26"]
[SourceQuality "1"]

1. e4 b6 2. g3 Bb7 3. Nf3 Bxe4 4. Bg2 Nf6 5. Nc3 Bb7 6. O-O e6 7. d4 d5 8. Bf4 Nc6 9. Nb5 Bd6 10. Qc1 Ba6 11. c4 Bxb5 12. cxb5 Ne7 13. Rd1 O-O 14. Bg5 Ne4 15. Bh6 gxh6 16. Qxh6 Nf5 17. Qh3 Ng5 18. Qg4 f6 19. Re1 Nh6 20. Qh5 Nhf7 21. Bh3 Nxh3+ 22. Qxh3 e5 23. Qg4+ Kh8 24. Qh3 e4 25. Nh4 Ng5 26. Ng6+ Kg8 27. Qh5 hxg6 28. Qxg6+ Kh8 29. f4 Nh7 30. Re2 Rg8 31. Qf7 Bxf4 32. Rf2 Be3 33. Raf1 Bxf2+ 34. Rxf2 e3 35. Rf4 e2 36. Rh4 e1=Q+ 37. Kg2 Qe2+ 38. Kh3 Qf1# 0-1

[Event "Scarborough CC ch reserves"]
[Site "Toronto CAN"]
[Date "2008.02.28"]
[Round "9"]
[White "Seedhouse, Jeff"]
[Black "Dattani, Dinesh"]
[Result "1-0"]
[WhiteElo "1562"]
[BlackElo "1386"]
[PlyCount "99"]
[GameId "2160767910557663"]
[EventDate "2008.01.03"]
[EventType "swiss"]
[EventRounds "10"]
[EventCountry "CAN"]
[SourceTitle "EXT 2011"]
[Source "ChessBase"]
[SourceDate "2011.11.26"]
[SourceVersion "1"]
[SourceVersionDate "2011.11.26"]
[SourceQuality "1"]

1. e4 e5 2. Nf3 Nc6 3. d4 exd4 4. c3 Nf6 5. e5 Qe7 6. cxd4 d6 7. Bb5 Bd7 8. Bxc6 Bxc6 9. O-O O-O-O 10. exf6 Qxf6 11. Re1 h6 12. Nc3 g5 13. d5 Bd7 14. Qd4 Qxd4 15. Nxd4 Bg7 16. Nf3 Rde8 17. Bd2 g4 18. Nh4 Bf6 19. g3 Bxh4 20. gxh4 h5 21. Rxe8+ Rxe8 22. Re1 Re5 23. Rxe5 dxe5 24. Bg5 Bf5 25. Kg2 Kd7 26. Nd1 Be4+ 27. Kg3 Bxd5 28. b3 Ke6 29. Nc3 c6 30. Nxd5 cxd5 31. h3 gxh3 32. Kxh3 Kf5 33. Kg3 e4 34. f3 f6 35. Be3 Ke5 36. Bxa7 d4 37. fxe4 Kxe4 38. Kf2 f5 39. a4 f4 40. b4 d3 41. b5 f3 42. Be3 Kd5 43. Kxf3 Kc4 44. Kf4 Kb4 45. Kg5 Kxa4 46. b6 Kb5 47. Kxh5 Kc6 48. Kg6 d2 49. Bxd2 Kxb6 50. h5 1-0

[Event "Scarborough CC ch reserves"]
[Site "Toronto CAN"]
[Date "2008.02.28"]
[Round "9"]
[White "Smith, Maurice"]
[Black "Verde, Pino"]
[Result "0-1"]
[WhiteElo "1544"]
[BlackElo "1677"]
[PlyCount "82"]
[GameId "2160767910557664"]
[EventDate "2008.01.03"]
[EventType "swiss"]
[EventRounds "10"]
[EventCountry "CAN"]
[SourceTitle "EXT 2011"]
[Source "ChessBase"]
[SourceDate "2011.11.26"]
[SourceVersion "1"]
[SourceVersionDate "2011.11.26"]
[SourceQuality "1"]

1. e4 c5 2. f4 d6 3. Nf3 Bg4 4. Be2 Nf6 5. Nc3 Nc6 6. d3 e6 7. Be3 Be7 8. O-O h5 9. e5 dxe5 10. Nxe5 Nxe5 11. fxe5 Bxe2 12. Qxe2 Ng4 13. Qf3 Nxe5 14. Qf2 b6 15. Ne4 f5 16. Nd2 Ng4 17. Qf3 Nxe3 18. Qxe3 Qd4 19. Qxd4 cxd4 20. Nf3 Bf6 21. Rfe1 Kf7 22. Ne5+ Bxe5 23. Rxe5 Rac8 24. Rc1 Kf6 25. Re2 e5 26. Rf2 Rc6 27. c4 dxc3 28. Rxc3 Rxc3 29. bxc3 Rd8 30. Rd2 e4 31. d4 e3 32. Rc2 f4 33. Kf1 Kf5 34. Ke2 Ke4 35. Rb2 g5 36. Rb5 Rd5 37. Rb1 g4 38. Rf1 Ra5 39. Ra1 f3+ 40. gxf3+ gxf3+ 41. Kf1 Ra3 0-1

[Event "Scarborough CC ch reserves"]
[Site "Toronto CAN"]
[Date "2008.03.06"]
[Round "10"]
[White "Douglas, Steven"]
[Black "Dattani, Dinesh"]
[Result "1-0"]
[WhiteElo "1597"]
[BlackElo "1386"]
[PlyCount "133"]
[GameId "2160767910557665"]
[EventDate "2008.01.03"]
[EventType "swiss"]
[EventRounds "10"]
[EventCountry "CAN"]
[SourceTitle "EXT 2011"]
[Source "ChessBase"]
[SourceDate "2011.11.26"]
[SourceVersion "1"]
[SourceVersionDate "2011.11.26"]
[SourceQuality "1"]

1. e4 e5 2. Nf3 Nc6 3. Bc4 Bc5 4. d4 Na5 5. Bxf7+ Kxf7 6. Nxe5+ Kf8 7. dxc5 Qe7 8. Qd4 d6 9. cxd6 cxd6 10. Nf3 Nc6 11. Qd3 Nb4 12. Qb3 Qxe4+ 13. Kd1 Be6 14. Qe3 Qxc2+ 15. Ke1 Nd3+ 16. Kf1 Qxc1+ 17. Qxc1 Nxc1 18. Na3 Rc8 19. Ke1 Nd3+ 20. Kd2 Nxf2 21. Rhe1 Re8 22. Ng5 Bd5 23. Rf1 Nf6 24. Rxf2 h6 25. Nh3 Kf7 26. Nb5 Ke7 27. Nc3 Bc6 28. Nf4 Kd7 29. b4 d5 30. b5 Bxb5 31. Nxb5 Ne4+ 32. Ke2 Nxf2+ 33. Kxf2 Rhf8 34. Kg3 Kc6 35. Nd4+ Kc5 36. Nb3+ Kd6 37. Rd1 Rf5 38. Rd3 Re4 39. Nh3 Ra4 40. Rd2 Ra3 41. Kg4 g6 42. Nf4 Ra4 43. g3 Ke5 44. Kh3 Kd6 45. Kg4 Rg5+ 46. Kh3 h5 47. Re2 Re5 48. Rc2 g5 49. Ng6 Re1 50. Rf2 b5 51. Rf6+ Re6 52. Rxe6+ Kxe6 53. Nc5+ Kf6 54. Nxa4 Kxg6 55. Nc3 d4 56. Nxb5 d3 57. Nc3 Kf5 58. Kg2 Ke5 59. Kf2 Kd4 60. Nd1 a5 61. Ke1 a4 62. Kd2 Kc4 63. Nb2+ Kb4 64. Nxa4 Kxa4 65. Kxd3 Ka3 66. Ke4 Kxa2 67. Kf5 1-0